000 002800000a22000970004500
100 1 _aBlack, David Alan (1952-)
245 1 0 _aJesus on anger : The text of Matthew 5:22a revisited
300 _aVol. 30, Num. 1 (Enero, 1988), Páginas 1-8
773 0 _tNovum Testamentum
942 _cANA
999 _c56744
_d56744